Memoria acerca del estado del Instituto Vizcaíno de Segunda Enseñanza durante el curso de 1890 á 1891 (Record no. 156040)

MARC details
000 -LEADER
campo de control de longitud fija 00813nam a22001815i 4500
001 - NÚMERO DE CONTROL
campo de control 156040
003 - IDENTIFICADOR DE NÚMERO DE CONTROL
campo de control ES-MaACL
005 - FECHA Y HORA DE LA ÚLTIMA TRANSACCIÓN
campo de control 20230906210312.0
008 - DATOS DE LONGITUD FIJA--INFORMACIÓN GENERAL
campo de control de longitud fija 040726s1891 sp |||| | spa d
040 ## - FUENTE DE CATALOGACIÓN
Centro catalogador/agencia de origen CAM
Lengua de catalogación spa
Centro/agencia transcriptor CAM
110 2# - ENTRADA PRINCIPAL--NOMBRE DE ENTIDAD CORPORATIVA
Nombre de entidad corporativa o nombre de jurisdicción como elemento de entrada Instituto Vizcaíno.
9 (RLIN) 5253
245 10 - MENCIÓN DEL TÍTULO
Título Memoria acerca del estado del Instituto Vizcaíno de Segunda Enseñanza durante el curso de 1890 á 1891
Resto del título : leída en la apertura del de 1891 á 1892 /
Mención de responsabilidad, etc. por Julián Irurozqui y Palacios.
260 ## - PUBLICACIÓN, DISTRIBUCIÓN, ETC.
Lugar de publicación, distribución, etc. Bilbao :
Nombre del editor, distribuidor, etc. [s.n.],
Fecha de publicación, distribución, etc. 1891 (
Fabricante Est. Tipográfico de la Viuda de E. Calle)
300 ## - DESCRIPCIÓN FÍSICA
Extensión 72 p., 28 cuadr. ;
Dimensiones 21 cm.
610 24 - PUNTO DE ACCESO ADICIONAL DE MATERIA--NOMBRE DE ENTIDAD CORPORATIVA
Nombre de entidad corporativa o nombre de jurisdicción como elemento de entrada Instituto Vizcaíno-
Subdivisión de forma Memorias.
9 (RLIN) 147223
700 1# - ENTRADA AGREGADA--NOMBRE PERSONAL
Nombre de persona Irurozqui y Palacios, Julián.
9 (RLIN) 128204
852 ## - LOCALIZACIÓN
Ubicación ES-MaACL
Número de control de estantería T-531-F-8
Nota libre -- Enc. hol., conservando la cub. original
-- -- Enc. en un vol. facticio
Holdings
Estatus retirado Estado de pérdida Estado de daño No para préstamo Colección Biblioteca de origen Biblioteca actual Ubicación en estantería Fecha de adquisición Total de préstamos Signatura topográfica completa Código de barras Visto por última vez Precio de reemplazo Tipo de ítem Koha
        Colección de folletos Biblioteca del Ateneo de Madrid Biblioteca del Ateneo de Madrid Depósito folletos 17/01/2008   T-531-F-8 1163245 23/02/2023 23/02/2023 Folleto